| 000 | 00813nam a2200229 a 4500 | ||
|---|---|---|---|
| 001 | 000025931 | ||
| 005 | 20240410073846.0 | ||
| 008 | 110224s19uu dr 000 0bspa d | ||
| 040 |
_aDO-SdBNP _bspa _cBNPHU |
||
| 082 |
_a923.17293 _bS232C |
||
| 100 | 1 |
_aCruz Pascual, Francisco _9114 |
|
| 245 | 1 | 0 |
_aPedro Santana : _bun traidor del tamaño de la República / _cFrancisco Cruz Pascual. |
| 260 |
_aSanto Domingo : _b[s.n, _c19--?]. |
||
| 300 |
_a83 p. ; _c22 cm. |
||
| 500 | _aIncluye datos biográficos del autor en la contraportada. | ||
| 504 | _aBibliografía: p. 82. | ||
| 600 | 0 |
_aSantana, Pedro. _d1801-1864 _96546 |
|
| 650 | 4 |
_aPresidentes _zRepública Dominicana _9599 |
|
| 651 | 0 |
_aRepública Dominicana -- _xHistoria -- _y1844-1930 _91009 |
|
| 910 | _aValidado. Control de calidad EMS. | ||
| 049 | _aBNPD | ||
| 999 |
_c25423 _d25423 |
||